000 01328nam a2200265 a 4500
999 _c18805
_d18805
005 20200129081121.0
008 970903s2009 ck a gr 00010 spa d
020 _a9789587191578
040 _aCO-BoBLA
_cCO-BoBLA
_dCO-BoIAVH
041 0 _aspa
044 _ack
082 0 4 _a570.72
_bN43e
100 1 _aNemogá Soto, Gabriel Ricardo.
_eautor
245 1 0 _aEvaluación de la normatividad vigente sobre permisos de investigación científica en diversidad biológica (PEFIC) en Colombia /
_cGabriel Ricardo Nemogá Soto, Dalí Aleixandra Rojas Díaz.
260 3 _aBogotá :
_bUniversidad Nacional de Colombia. Facultad de Derecho, Ciencias Políticas y Sociales. Instituto Unidad de Investigaciones, Jurídico-Sociales Gerardo Molina,
_c2009.
300 _a56 páginas :
_bilustraciones ;
_c24 x 16 cm.
490 _aSeries Plebio Documentos de Invstigación Recurso Genéticos, Conocimiento y Derechos
_vV. 3
504 _aIncluye referencias bibliográficas.
650 2 6 _aDiversidad biológica
_xInvestigación
_zColombia
_vNormas
650 2 6 _aDiversidad biológica
_xLegislación
_zColombia
650 2 6 _aParques nacionales
_xInvestigación
_zColombia
650 2 6 _aDesarrollo sostenible
_zColombia
700 1 _aRojas Díaz, Dalí Aleixandra.
_eautor
942 _2ddc
_cLIBRO